| 000 | 00543nam a2200193Ia 4500 | ||
|---|---|---|---|
| 005 | 20250326144822.0 | ||
| 008 | 250326s9999 xx 000 0 und d | ||
| 020 | _a0-415-30044-4 | ||
| 037 | _aTextbook | ||
| 040 |
_aFMSL _beng _cFMSL |
||
| 041 |
_aeng _2eng |
||
| 084 |
_aX:512 P3 _qFMSL |
||
| 100 |
_aHoneycut E D _9750152 |
||
| 245 | 0 |
_aSales management : global perspective _cHoneycut E D And Others |
|
| 260 |
_aLondon _bLondon, Routledge _c2003 |
||
| 300 | _a307p | ||
| 942 |
_cTB _hX:512 P3 |
||
| 999 |
_c1305187 _d1305187 |
||